000 00583nam a22001817a 4500
005 20260413123416.0
008 260226b |||||||| |||| 00| 0 eng d
020 _a978-93-89991-29-1
050 _aKNS 48.7 .K65 2020
100 _aKOLHATKAR,MEDHA
245 _aDRAFTING PLEADING AND CONVEYANCING
250 _a2
260 _aHARYANA,,
_bLEXIS NEXIS,
_c2020,
300 _aXXXIV,585 P, ILL
500 _aINCLUDES INDEX
650 _a1. Legal drafting-India-Textbooks 2. Pleading-India-Textbooks 3. Conveyancing-India-Textbooks 4. Contracts-India-Forms
942 _2lcc
_cBK
999 _c216693
_d216693